NCAA March Madness Final Four Cities - Statistics

General Stats
  • This quiz has been taken 22 times
  • The average score is 15 of 87
Answer Stats
Year Winner Answer % Correct
2022 Kansas New Orleans
75%
2021 Baylor Indianapolis
58%
2018 Villanova San Antonio
58%
2016 Villanova Houston
50%
2023 -- Houston
50%
2019 Virginia Minneapolis
50%
2024 -- Phoenix
50%
2025 -- San Antonio
50%
2009 North Carolina Detroit
42%
2026 -- Indianapolis
42%
2017 North Carolina Phoenix
42%
2008 Kansas San Antonio
42%
2013 Louisville Atlanta
33%
2011 Connecticut Houston
33%
2010 Duke Indianapolis
33%
2015 Duke Indianapolis
33%
2012 Kentucky New Orleans
33%
2007 Florida Atlanta
25%
2006 Florida Indianapolis
25%
1982 North Carolina New Orleans
25%
1943 Wyoming New York City
25%
1944 Utah New York City
25%
1945 Oklahoma St. New York City
25%
1946 Oklahoma St. New York City
25%
1947 Holy Cross New York City
25%
1948 Kentucky New York City
25%
1950 CCNY New York City
25%
1998 Kentucky San Antonio
25%
2005 North Carolina St. Louis
25%
1983 North Carolina St. Albuquerque
17%
1990 UNLV Denver
17%
1974 North Carolina St. Greensboro
17%
1971 UCLA Houston
17%
1991 Duke Indianapolis
17%
1997 Arizona Indianapolis
17%
2000 Michigan St. Indianapolis
17%
1968 UCLA Los Angeles
17%
1972 UCLA Los Angeles
17%
1951 Kentucky Minneapolis
17%
1992 Duke Minneapolis
17%
2001 Duke Minneapolis
17%
1993 North Carolina New Orleans
17%
2003 Syracuse New Orleans
17%
2004 Connecticut San Antonio
17%
1973 UCLA St. Louis
17%
1978 Kentucky St. Louis
17%
2002 Maryland Atlanta
8%
1994 Arkansas Charlotte
8%
1986 Louisville Dallas
8%
1960 Ohio St. Daly City
8%
1980 Louisville Indianapolis
8%
1958 Kentucky Louisville
8%
1959 California Louisville
8%
1962 Cincinnati Louisville
8%
1963 Loyola Louisville
8%
1969 UCLA Louisville
8%
1987 Indiana New Orleans
8%
1981 Indiana Philadelphia
8%
1949 Kentucky Seattle
8%
1952 Kansas Seattle
8%
1984 Georgetown Seattle
8%
2014 Connecticut Arlington, TX
0%
1977 Marquette Atlanta
0%
1966 UTEP College Park, MD
0%
1970 UCLA College Park, MD
0%
1996 Kentucky East Rutherford, NJ
0%
1939 Oregon Evanston, IL
0%
1956 San Francisco Evanston, IL
0%
1940 Indiana Kansas City, MO
0%
1941 Wisconsin Kansas City, MO
0%
1942 Stanford Kansas City, MO
0%
1953 Indiana Kansas City, MO
0%
1954 La Salle Kansas City, MO
0%
1955 San Francisco Kansas City, MO
0%
1957 North Carolina Kansas City, MO
0%
1961 Cincinnati Kansas City, MO
0%
1964 UCLA Kansas City, MO
0%
1988 Kansas Kansas City, MO
0%
1985 Villanova Lexington, KY
0%
1967 UCLA Louisville
0%
1976 Indiana Philadelphia
0%
1965 UCLA Portland, OR
0%
1979 Michigan St. Salt Lake City
0%
1975 UCLA San Diego
0%
1989 Michigan Seattle
0%
1995 UCLA Seattle
0%
1999 Connecticut St. Petersburg, FL
0%
No matching quizzes found
Score Distribution
Percent of People with Each Score
Percentile by Number Answered
Your Score History
You have not taken this quiz